000 00604cam a22002053a 4500
001 38876
003 PGUSA
005 20140828083847.0
008 120214s2012||||xxu|||||s|||||000 | eng d
040 _aPGUSA
_beng
042 _adc
100 1 _aVinogradoff, Paul
245 1 0 _aVillainage in England :
_bEssays in English Mediaeval History
_h[electronic resource] /
_cPaul Vinogradoff
260 _bProject Gutenberg,
_c2012
506 _aPublic domain in the USA.
516 _aElectronic text
830 0 _aProject Gutenberg
_v38876
856 4 0 _uhttp://www.gutenberg.org/ebooks/38876
942 _cEB
999 _c268130
_d268130